| 000 | 00742cam a22002651 4500 | ||
|---|---|---|---|
| 001 | 2152 | ||
| 003 | BD-RjUL | ||
| 005 | 20211208233508.0 | ||
| 008 | 131210s1962 ilua b 001 0 eng | ||
| 035 | _a(BD-RjUL)2179 | ||
| 035 | _a(OCoLC)341351 | ||
| 040 |
_aDLC _cOClU _dOCoLC _dDLC _dBD-RjUL _beng |
||
| 041 | _aeng | ||
| 082 | 0 | 0 |
_a330.1 _bMAI 1962 |
| 100 | 1 |
_aMalanos, George J. _97055 |
|
| 245 | 1 | 0 |
_aIntermediate economic theory / _cGeorge Malanos. |
| 260 |
_aChicago : _bLippincott, _cc1962. |
||
| 300 |
_a540 p. : _bill . ; _c24 cm. |
||
| 490 | 0 | _aThe Lippincott college economics series | |
| 504 | _aIncludes bibliography. | ||
| 504 | _aIncludes index. | ||
| 650 | 0 |
_aEconomics. _97056 |
|
| 942 |
_2ddc _cBK |
||
| 999 |
_c2152 _d2152 |
||